Airport Codes - Statistics

General Stats
  • This quiz has been taken 39 times
  • The average score is 102 of 500
Answer Stats
Airport Name City Code % Correct
Hartsfield-Jackson Atlanta International Airport Atlanta ATL
91%
Charles de Gaulle International Airport Paris CDG
85%
Los Angeles International Airport Los Angeles LAX
85%
Singapore Changi Airport Singapore SIN
85%
John F. Kennedy International Airport New York City JFK
82%
Dallas Love Field Dallas DAL
79%
Indira Gandhi International Airport Delhi DEL
79%
McCarran International Airport Las Vegas LAS
79%
Murtala Muhammed International Airport Lagos LOS
79%
San Francisco International Airport San Francisco SFO
79%
Amsterdam Airport Schiphol Amsterdam AMS
76%
Dublin Airport Dublin DUB
76%
Istanbul Atatürk Airport Istanbul IST
76%
Heathrow Airport London LHR
76%
Adolfo Suárez Madrid-Barajas Airport Madrid MAD
76%
Seattle-Tacoma International Airport Seattle SEA
76%
Frankfurt am Main International Airport Frankfurt am Main FRA
73%
Miami International Airport Miami MIA
73%
Beijing Capital International Airport Beijing PEK
73%
Denver International Airport Denver DEN
70%
Haneda Airport Tokyo HND
70%
O´Hare International Airport Chicago ORD
70%
Suvarnabhumi Airport Bangkok BKK
67%
Dallas-Fort Worth International Airport Dallas DFW
67%
Dubai International Airport Dubai DXB
67%
Lisbon Portela Airport Lisbon LIS
67%
Sydney Airport Sydney SYD
67%
Kuala Lumpur International Airport Kuala Lumpur KUL
64%
Melbourne Airport Melbourne MEL
64%
Oslo Airport, Gardermoen Oslo OSL
64%
Phoenix Sky Harbor International Airport Phoenix PHX
64%
San Diego International Airport San Diego SAN
64%
Logan International Airport Boston BOS
61%
Brussels Airport Brussels BRU
61%
Hamad International Airport Doha DOH
61%
Manchester Airport Manchester MAN
61%
Mexico City International Aiport Mexico City MEX
61%
Toronto Pearson International Airport Toronto YYZ
61%
Athens International Airport Athens ATH
58%
Budapest Ferenc Liszt International Airport Budapest BUD
58%
Hong Kong International Airport Hong Kong HKG
58%
LaGuardia Airport New York City LGA
58%
Philadelphia International Airport Philadelphia PHL
58%
Salt Lake City International Airport Salt Lake City SLC
58%
Vienna International Airport Vienna VIE
58%
Barcelona-El Prat Airport Barcelona BCN
55%
Guangzhou Baiyun International Airport Guangzhou CAN
55%
Düsseldorf International Airport Düsseldorf DUS
55%
Helsinki Airport Helsinki HEL
55%
Orlando Executive Airport Orlando ORL
55%
Perth International Airport Perth PER
55%
Zürich Airport Zurich ZRH
55%
Chhatrapati Shivaji International Airport Mumbai BOM
52%
Cairo International Airprot Cairo CAI
52%
Copenhagen Airport Copenhagen CPH
52%
Cape Town International Airport Cape Town CPT
52%
Cancún International Airport Cancun CUN
52%
Daniel K. Inouye International Airport Honolulu HNL
52%
Gatwick Airport London LGW
52%
Munich Airport Munich MUC
52%
Narita International Airport Tokyo NRT
52%
Edinburgh Airport Edinburgh EDI
48%
Newark Liberty International Airport Newark EWR
48%
Noi Bai International Airport Hanoi HAN
48%
William P Hobby Airport Houston HOU
48%
Incheon International Airport Seoul ICN
48%
Orlando International Airport Orlando MCO
48%
Ninoy Aquino International Airport Manila MNL
48%
Nice-Côte d'Azur Airport Nice NCE
48%
Shanghai Hongqiao International Airport Shanghai SHA
48%
El Dorado International Airport Bogota BOG
45%
Leonardo da Vinci-Fiumicino Airport Rome FCO
45%
Hamburg Airport Hamburg HAM
45%
King Abdulaziz International Airport Jeddah JED
45%
St Paul International Airport Minneapolis MSP
45%
Montréal-Pierre Elliott Trudeau International Airport Montreal YUL
45%
Vancouver International Airport Vancouver YVR
45%
Auckland International Airport Auckland AKL
42%
Val de Cans International Airport Belem BEL
42%
Jorge Chávez International Airport Lima LIM
42%
Milan-Malpensa Airport Milan MXP
42%
Metropolitan Oakland International Airport Oakland OAK
42%
Vaclav Havel Airport Prague Prague PRG
42%
Sofia Airport Sofia SOF
42%
Taiwan Taoyuan International Airport Taipei TPE
42%
Charlotte Douglas International Airport Charlotte CLT
39%
Fort Lauderdale Hollywood International Airport Fort Lauderdale FLL
39%
Washington Dulles International Airport Washington D.C. IAD
39%
George Bush Intercontinental Houston Airport Houston IAH
39%
Indianapolis International Airport Indianapolis IND
39%
Luton Airport London LTN
39%
Maturín Airport Maturin MUN
39%
Naples International Airport Naples NAP
39%
Penang International Airport Penang PEN
39%
Tampa International Airport Tampa TPA
39%
Warsaw Chopin Airport Warsaw WAW
39%
Austin Bergstrom International Airport Austin AUS
36%
Moscow Domodedovo Airport Moscow DME
36%
Geneva Airport Geneva GVA
36%
Rajiv Gandhi International Airport Hyderabad HYD
36%
Keflavík International Airport Keflavik KEF
36%
Portland International Airport Portland PDX
36%
Shanghai Pudong International Airport Shanghai PVG
36%
Juan Santamaria International Airport San Jose SJO
36%
London Stansted Airport London STN
36%
Tunis Carthage International Airport Tunis TUN
36%
Addis Ababa Bole International Airport Addis Ababa ADD
33%
Ted Stevens Anchorage International Airport Anchorage ANC
33%
Stockholm Arlanda Airport Stockholm ARN
33%
Bristol Airport Bristol BRS
33%
Detroit Metropolitan Wayne County Airport Detroit DTW
33%
La Aurora International Airport Guatemala City GUA
33%
José Martí International Airport Havana HAV
33%
Heraklion International Airport Heraklion HER
33%
Kansai International Airport Osaka KIX
33%
Luxembourg Airport Luxembourg LUX
33%
Midway International Airport Chicago MDW
33%
Malta International Airport Malta MLA
33%
Nadi International Airport Nadi NAN
33%
Pittsburgh International Airport Pittsburgh PIT
33%
Palma De Mallorca Airport Palma de Mallorca PMI
33%
Rhodes International Airport Rhodes RHO
33%
El Salvador International Airport San Salvador SAL
33%
Tan Son Nhat International Airport Ho Chi Minh City SGN
33%
Lambert St. Louis International Airport St. Louis STL
33%
Ben Gurion International Airport Tel-Aviv TLV
33%
Venice Marco Polo Airport Venice VCE
33%
Adelaide International Airport Adelaide ADL
30%
Nashville International Airport Nashville BNA
30%
Brisbane International Airport Brisbane BNE
30%
Bordeaux-Mérignac Airport Bordeaux BOD
30%
Bari Karol Wojtyła Airport Bari BRI
30%
Soekarno-Hatta International Airport Jakarta CGK
30%
Cleveland Hopkins International Airport Cleveland CLE
30%
Rio de Janeiro–Galeão International Airport Rio De Janeiro GIG
30%
São Paulo–Guarulhos International Airport Sao Paulo GRU
30%
O. R. Tambo International Airport Johannesburg JNB
30%
Milano Linate Airport Milan LIN
30%
Chennai International Airport Chennai MAA
30%
Menorca Airport Menorca MAH
30%
Toulouse-Blagnac Airport Toulouse TLS
30%
Calgary International Airport Calgary YYC
30%
Zagreb Airport Zagreb ZAG
30%
Alicante International Airport Alicante ALC
27%
Abu Dhabi International Airport Abu Dhabi AUH
27%
Birmingham Airport Birmingham BHX
27%
Washington International Thurgood Marshall Airport Baltimore BWI
27%
Cologne Bonn Airport Cologne CGN
27%
Ngurah Rai International Airport Denpasar DPS
27%
Fukuoka Airport Fukuoka FUK
27%
Göteborg Landvetter Airport Gothenburg GOT
27%
Jacksonville International Airport Jacksonville JAX
27%
Louis Armstrong New Orleans International Airport New Orleans MSY
27%
Sheremetyevo International Airport Moscow SVO
27%
Adana Airport Adana ADA
24%
Houari Boumediene Airport Algiers ALG
24%
Antalya Airport Antalya AYT
24%
Buffalo Niagara International Airport Buffalo BUF
24%
Mactan Cebu International Airport Cebu CEB
24%
Ronald Reagan Washington National Airport Washington D.C. DCA
24%
Eindhoven Airport Eindhoven EIN
24%
El Paso International Airport El Paso ELP
24%
Ministro Pistarini International Airport Buenos Aires EZE
24%
Glasgow Airport Glasgow GLA
24%
Cat Bi International Airport Haiphong HPH
24%
Ibiza Airport Ibiza IBZ
24%
Prince Mohammad Bin Abdulaziz Airport Madinah MED
24%
Eppley Airfield Omaha OMA
24%
Palm Beach International Airport West Palm Beach PBI
24%
Sabiha Gökçen International Airport Istanbul SAW
24%
General Abelardo L. Rodríguez International Airport Tijuana TIJ
24%
Wuhan Tianhe International Airport Wuhan WUH
24%
Albuquerque International Sunport Airport Albuquerque ABQ
21%
Albany International Airport Albany ALB
21%
Christchurch International Airport Christchurch CHC
21%
King Shaka International Airport Durban DUR
21%
Jaipur International Airport Jaipur JAI
21%
London City Airport London LCY
21%
Pulkovo Airport St. Petersburg LED
21%
Gran Canaria Airport Las Palmas de Gran Canaria LPA
21%
Jomo Kenyatta International Airport Nairobi NBO
21%
Ontario International Airport Ontario ONT
21%
Henri Coandă International Airport Bucharest OTP
21%
Pisa International Airport Pisa PSA
21%
Tocumen International Airport Panama City PTY
21%
Comodoro Arturo Merino Benítez International Airport Santiago SCL
21%
Taoxian Airport Shenyang SHE
21%
Félix-Houphouët-Boigny International Airport Abidjan ABJ
18%
Bremen Airport Bremen BRE
18%
Bob Hope Airport Burbank BUR
18%
São Paulo–Congonhas Airport Sao Paulo CGH
18%
Faro Airport Faro FAO
18%
Imam Khomeini International Airport Tehran IKA
18%
Kunming Changshui International Airport Kunming KMG
18%
John Paul II International Airport Kraków-Balice Krakow KRK
18%
Kansas City International Airport Kansas City MCI
18%
Dr. Babasaheb Ambedkar International Airport Nagpur NAG
18%
Governador Aluízio Alves International Airport Natal NAT
18%
Chubu Centrair International Airport Nagoya NGO
18%
Francisco de Sá Carneiro Airport Porto OPO
18%
T. F. Green Airport Providence PVD
18%
Riga International Airport Riga RIX
18%
King Khaled International Airport Riyadh RUH
18%
San Antonio International Airport San Antonio SAT
18%
Shenzhen Bao`an International Airport Shenzhen SZX
18%
Sunan Shuofang International Airport Wuxi WUX
18%
Kotoka International Airport Accra ACC
15%
Adnan Menderes International Airport Izmir ADB
15%
Belfast International Airport Belfast BFS
15%
Presidente Juscelino Kubistschek International Airport Brasilia BSB
15%
Ciampino-G. B. Pastine International Airport Rome CIA
15%
Mohammed V International Airport Casablanca CMN
15%
Cincinnati Northern Kentucky International Airport Cincinnati CVG
15%
Francisco Bangoy International Airport Davao DVO
15%
Christiano Ronaldo International Airport Funchal FNC
15%
Pinto Martins International Airport Fortaleza FOR
15%
Fuerteventura Airport Fuerteventura FUE
15%
Guadalajara International Airport Guadalajara GDL
15%
Goa International Airport Goa GOI
15%
Haikou Meilan International Airport Haikou HAK
15%
Phuket International Airport Phuket HKT
15%
Lihue Airport Lihue LIH
15%
Ljubljana Jože Pučnik Airport Ljubljana LJU
15%
Lyon Saint-Exupéry Airport Lyon LYS
15%
Guararapes-Gilberto Freyre International Airport Recife REC
15%
Southwest Florida International Airport Fort Myers RSW
15%
Sharjah International Airport Sharjah SHJ
15%
Norman Y. Mineta San Jose International Airport San Jose SJC
15%
Sacramento International Airport Sacramento SMF
15%
Stuttgart Airport Stuttgart STR
15%
Syracuse Hancock International Airport Syracuse SYR
15%
Vnukovo International Airport Moscow VKO
15%
Valencia Airport Valencia VLC
15%
Wellington International Airport Wellington WLG
15%
Edmonton International Airport Edmonton YEG
15%
Yantai Laishan Airport Yantai YNT
15%
Sardar Vallabhbhai Patel International Airport Ahmedabad AMD
12%
Belgrade Nikola Tesla Airport Belgrade BEG
12%
Bergen Airport, Flesland Bergen BGO
12%
Kempegowda International Airport Bangalore BLR
12%
EuroAirport Basel-Mulhouse-Freiburg Mulhouse BSL
12%
Port Columbus International Airport Columbus CMH
12%
Cairns International Airport Cairns CNS
12%
Ingeniero Ambrosio Taravella Airport Cordoba COR
12%
Chengdu Shuangliu International Airport Chengdu CTU
12%
Alejandro Velasco Astete International Airport Cuzco CUZ
12%
Léopold Sédar Senghor International Airport Dakar DKR
12%
Don Mueang International Airport Bangkok DMK
12%
Dortmund Airport Dortmund DTM
12%
Gdańsk Lech Wałęsa Airport Gdansk GDN
12%
Hannover Airport Hanover HAJ
12%
Hefei Luogang International Airport Hefei HFE
12%
Hangzhou Xiaoshan International Airport Hangzhou HGH
12%
Yinchuan Airport Yinchuan INC
12%
Senai International Airport Johor Bahru JHB
12%
Katowice International Airport Katowice KTW
12%
Long Beach Airport Long Beach LGB
12%
General Mitchell International Airport Milwaukee MKE
12%
Marseille Provence Airport Marseille MRS
12%
Minsk National Airport Minsk MSQ
12%
Monterrey International Airport Monterrey MTY
12%
Ningbo Lishe International Airport Ningbo NGB
12%
Naha Airport Okinawa OKA
12%
Falcone-Borsellino Airport Palermo PMO
12%
Gimhae International Airport Busan PUS
12%
Raleigh-Durham International Airport Raleigh RDU
12%
Juanda International Airport Surabaya SUB
12%
Tbilisi International Airport Tbilisi TBS
12%
Berlin-Tegel International Airport Berlin TXL
12%
Xiamen Gaoqi International Airport Xiamen XMN
12%
Halifax Stanfield International Airport Halifax YHZ
12%
Málaga Airport Malaga AGP
9%
Cagliari Elmas Airport Cagliari CAG
9%
Canberra International Airport Canberra CBR
9%
Netaji Subhash Chandra Bose International Airport Kolkata CCU
9%
Chongqing Jiangbei International Airport Chongqing CKG
9%
Brussels South Charleroi Airport Charleroi CRL
9%
Catania-Fontanarossa Airport Catania CTA
9%
Da Nang International Airport Danang DAD
9%
Julius Nyerere International Airport Dar Es Salaam DAR
9%
Dresden Airport Dresden DRS
9%
East Midlands Airport East Midlands EMA
9%
Gimpo International Airport Seoul GMP
9%
Frankfurt-Hahn Airport Hahn HHN
9%
Taiping Airport Harbin HRB
9%
Osaka International Airport Osaka ITM
9%
Boryspil International Airport Kyiv KBP
9%
Kazan International Airport Kazan KZN
9%
Leipzig Halle Airport Leipzig LEJ
9%
Liverpool John Lennon Airport Liverpool LPL
9%
Nagasaki Airport Nagasaki NGS
9%
Nanning Wuxu Airport Nanning NNG
9%
Nantes Atlantique Airport Nantes NTE
9%
Lok Nayak Jayaprakash Airport Patina PAT
9%
Sultan Mahmud Badaruddin II Airport Palembang PLM
9%
Palm Springs International Airport Palm Springs PSP
9%
Portland International Jetport Airport Portland PWM
9%
Santos Dumont Airport Rio De Janeiro SDU
9%
Thessaloniki Airport Makedonia Thessaloniki SKG
9%
John Wayne Airport-Orange County Airport Santa Ana SNA
9%
Split Airport Split SPU
9%
Sharm El Sheikh International Airport Sharm El Sheikh SSH
9%
Tenerife Norte Airport Santa Cruz de Tenerife TFN
9%
Tenerife South Airport Tenerife TFS
9%
Taipei Songshan Airport Taipei TSA
9%
Tianjin Binhai International Airport Tianjin TSN
9%
Ufa International Airport Ufa UFA
9%
Viracopos International Airport Campinas VCP
9%
Xi`an Xianyang International Airport Xian XIY
9%
Ottawa Macdonald-Cartier International Airport Ottawa YOW
9%
Québec City Jean Lesage International Airport Quebec YQB
9%
Billy Bishop Toronto City Centre Airport Toronto YTZ
9%
Winnipeg James Armstrong Richardson International Airport Winnipeg YWG
9%
Zhuhai Jinwan Airport Zhuhai ZUH
9%
Lanzarote Airport Arrecife ACE
6%
Aeroparque Jorge Newbery Buenos Aires AEP
6%
Ahwaz International Airport Ahwaz AWZ
6%
Bradley International Airport Windsor Locks BDL
6%
Jeju International Airport Cheju CJU
6%
Chiang Mai International Airport Chiang Mai CNX
6%
Changsha Huanghua International Airport Changsha CSX
6%
New Chitose Airport Sapporo CTS
6%
Afonso Pena Airport Curitiba CWB
6%
Zhoushuizi Airport Dalian DLC
6%
Dalaman International Airport Dalaman DLM
6%
Darwin International Airport Darwin DRW
6%
Esenboğa International Airport Ankara ESB
6%
Hobart International Airport Hobart HBA
6%
Hakodate Airport Hakodate HKD
6%
Xishuangbanna Gasa Airport Jinghonggasa JHG
6%
Kuching International Airport Kuching KCH
6%
Kaohsiung International Airport Kaohsiung KHH
6%
Miyazaki Airport Miyazaki KMI
6%
Kumamoto Airport Kumamoto KMJ
6%
Kona International At Keahole Airport Kona KOA
6%
Khartoum International Airport Khartoum KRT
6%
Quatro de Fevereiro Airport Luanda LAD
6%
Leeds Bradford Airport Leeds LBA
6%
Chaudhary Charan Singh International Airport Lucknow LKO
6%
Mashhad International Airport Mashhad MHD
6%
Nanjing Lukou International Airport Nanjing NKG
6%
Oita Airport Oita OIT
6%
Gold Coast Airport Coolangatta OOL
6%
Tabing Airport Padang PDG
6%
Pensacola Regional Airport Pensacola PNS
6%
Puerto Princesa Airport Puerto Princesa PPS
6%
Menara Airport Marrakesh RAK
6%
Yangon International Airport Yangon RGN
6%
Roland Garros Airport Saint-Denis RUN
6%
Stavanger Airport Sola Stavanger SVG
6%
Berlin-Schönefeld International Airport Berlin SXF
6%
Sanya Phoenix International Airport Sanya SYX
6%
Takamatsu Airport Takamatsu TAK
6%
Liuting Qingdao TAO
6%
Mehrabad International Airport Tehran THR
6%
Trondheim Airport Værnes Trondheim TRD
6%
Samui Airport Koh Samui USM
6%
Nnamdi Azikiwe International Airport Abuja ABV
3%
Sochi International Airport Sochi AER
3%
Husein Sastranegara International Airport Bandung BDO
3%
Orio al Serio International Airport Bergamo BGY
3%
Bilbao Airport Bilbao BIO
3%
Kota Kinabalu International Airport Kota Kinabalu BKI
3%
Bologna Guglielmo Marconi Airport Bologna BLQ
3%
Hang Nadim Batam BTH
3%
Zhengzhou Xinzheng International Airport Zhengzhou CGO
3%
Longjia Airport Changchun CGQ
3%
Cheongju International Airport Chongju CJJ
3%
Tancredo Neves International Airport Belo Horizonte CNF
3%
Dubrovnik Airport Dubrovnik DBV
3%
Girona Airport Girona GRO
3%
Santa Genoveva Airport Goiania GYN
3%
Borg El Arab Airport Alexandria HBE
3%
Hat Yai International Airport Hat Yai HDY
3%
Baita International Airport Hohhot HET
3%
Hiroshima Airport Hiroshima HIJ
3%
Halim Perdanakusuma International Airport Jakarta HLP
3%
Hurghada International Airport Hurghada HRG
3%
Phu Bai Airport Hue HUI
3%
Irkutsk Airport Irkutsk IKT
3%
Iloilo International Airport Iloilo ILO
3%
Ishigaki Airport Ishigaki ISG
3%
Quanzhou Jinjiang International Airport Quanzhou JJN
3%
Khabarovsk-Novy Airport Khabarovsk KHV
3%
Kish International Airport Kish Island KIH
3%
Kalibo International Airport Kalibo KLO
3%
Komatsu Airport Kanazawa KMQ
3%
Kualanamu International Airport Medan KNO
3%
Kagoshima Airport Kagoshima KOJ
3%
Langkawi International Airport Langkawi LGK
3%
Lanzhou Zhongchuan Airport Lanzhou LHW
3%
Lijiang Airport Lijiang LJG
3%
Lhasa Gonggar Airport Lhasa LXA
3%
El Plumerillo Airport Mendoza MDZ
3%
Sir Seewoosagur Ramgoolam International Airport Plaisance MRU
3%
Matsuyama Airport Matsuyama MYJ
3%
Beijing Nanyuan Airport Beijing NAY
3%
Newcastle Airport Newcastle NCL
3%
Nuremberg Airport Nuremberg NUE
3%
Es Senia Airport Oran ORN
3%
João Paulo II Airport Ponta Delgada PDL
3%
Sultan Syarif Kasim li (Simpang Tiga) Airport Pekanbaru PKU
3%
Supadio Airport Pontianak PNK
3%
Salgado Filho Airport Porto Alegre POA
3%
Phu Quoc International Airport Phuquoc PQC
3%
Rostov-on-Don Airport Rostov-on-Don ROV
3%
Sendai Airport Sendai SDJ
3%
Achmad Yani Airport Semarang SRG
3%
Deputado Luís Eduardo Magalhães International Airport Salvador SSA
3%
Princess Juliana International Airport Philipsburg SXM
3%
Daegu Airport Daegu TAE
3%
Tabriz International Airport Tabriz TBZ
3%
Yaoqiang Airport Jinan TNA
3%
Trivandrum International Airport Trivandrum TRV
3%
Taiyuan Wusu Airport Taiyuan TYN
3%
Kobe Airport Kobe UKB
3%
Hasanuddin International Airport Ujung Pandang UPG
3%
Ürümqi Diwopu International Airport Urumqi URC
3%
Udon Thani Airport Udon Thani UTH
3%
Vladivostok International Airport Vladivostok VVO
3%
Kelowna International Airport Kelowna YLW
3%
Victoria International Airport Victoria YYJ
3%
Queenstown International Airport Queenstown ZQN
3%
Zakynthos International Airport Zakynthos ZTH
3%
Kayseri Erkilet Airport Kayseri ASR
0%
Sri Guru Ram Dass Jee International Airport Amritsar ATQ
0%
Biju Patnaik Airport Bhubaneswar BBI
0%
Syamsudin Noor Airport Banjarmasin BDJ
0%
Milas Bodrum International Airport Bodrum BJV
0%
Sultan Aji Muhamad Sulaiman Airport Balikpapan BPN
0%
Porto Seguro Airport Porto Seguro BPS
0%
Calicut International Airport Calicut CCJ
0%
Chiang Rai International Airport Chiang Rai CEI
0%
Marechal Rondon Airport Cuiaba CGB
0%
Cagayan De Oro Airport Ladag CGY
0%
Coimbatore International Airport Coimbatore CJB
0%
Cochin International Airport Kochi COK
0%
Cam Ranh Airport Nha Trang CXR
0%
Changzhou Benniu Airport Changzhou CZX
0%
Diyarbakir Airport Diyarbakir DIY
0%
Sultan Thaha Airport Jambi DJB
0%
Sentani International Airport Jayapura DJJ
0%
Ercan International Airport Nicosia ECN
0%
Hercílio Luz International Airport Florianopolis FLN
0%
Fuzhou Changle International Airport Fuzhou FOC
0%
Lokpriya Gopinath Bordoloi International Airport Guwahati GAU
0%
Gaziantep International Airport Gaziantep GZT
0%
Devi Ahilyabai Holkar Airport Indore IDR
0%
Isfahan International Airport Isfahan IFN
0%
Foz do Iguaçu International Airport Foz Do Iguacu IGU
0%
Bagdogra Airport Bagdogra IXB
0%
Mangalore International Airport Mangalore IXE
0%
Adi Sutjipto International Airport Yogyakarta JOG
0%
Sultan Ismail Petra Airport Kota Bahru KBR
0%
Krabi Airport Krabi KBV
0%
Khrabrovo Airport Kaliningrad KGD
0%
Nanchang Changbei International Airport Nanchang KHN
0%
Yemelyanovo Airport Krasnoyarsk KJA
0%
Khon Kaen Airport Khon Kaen KKC
0%
Krasnodar Pashkovsky International Airport Krasnodar KRR
0%
Kurumoch International Airport Samara KUF
0%
Longdongbao Airport Guiyang KWE
0%
Guilin Liangjiang International Airport Guilin KWL
0%
Lombok International Airport Praya LOP
0%
Eduardo Gomes International Airport Manaus MAO
0%
Zumbi dos Palmares Airport Maceio MCZ
0%
Sam Ratulangi Airport Manado MDC
0%
Mianyang Airport Mianyang MIG
0%
Monastir Habib Bourguiba International Airport Monastir MIR
0%
Marinduque Airport Gasan MRQ
0%
Mineralnyye Vody Airport Mineralnye Vody MRV
0%
Miri Airport Miri MYY
0%
Makung Airport Makung MZG
0%
Weeze Airport Weeze NRN
0%
Tolmachevo Airport Novosibirsk OVB
0%
Pangkal Pinang (Depati Amir) Airport Pangkal Pinang PGK
0%
Pune Airport Pune PNQ
0%
Santiago de Compostela Airport Santiago SCQ
0%
Orlando Sanford International Airport Sanford SFB
0%
Surgut Airport Surgut SGC
0%
Simferopol International Airport Simferopol SIP
0%
Shijiazhuang Daguocun International Airport Shijiazhuang SJW
0%
Sevilla Airport Seville SVQ
0%
Koltsovo Airport Yekaterinburg SVX
0%
Jieyang Chaoshan International Airport Shantou SWA
0%
Sheikh ul Alam Airport Srinagar SXR
0%
Shiraz Shahid Dastghaib International Airport Shiraz SYZ
0%
Sultan Abdul Aziz Shah International Airport Kuala Lumpur SZB
0%
Samsun Çarşamba Airport Samsun SZF
0%
Roshchino International Airport Tyumen TJM
0%
Trabzon International Airport Trabzon TZX
0%
Ubon Ratchathani Airport Ubon Ratchathani UBP
0%
Surat Thani Airport Surat Thani URT
0%
Vinh Airport Vinh VII
0%
Eurico de Aguiar Salles Airport Vitoria VIX
0%
Lal Bahadur Shastri Airport Varanasi VNS
0%
Visakhapatnam Airport Visakhapatnam VTZ
0%
Wenzhou Yongqiang Airport Wenzhou WNZ
0%
Xining Caojiabu Airport Xining XNN
0%
Yangzhou Taizhou Airport Yangzhou YTY
0%
No matching quizzes found
Score Distribution
Percent of People with Each Score
Percentile by Number Answered
Your Score History
You have not taken this quiz